Oblasts of Ukraine by Letters - One Minute Sprint - Statistics

General Stats
  • This quiz has been taken 5 times
  • The average score is 12 of 27
Answer Stats
Hint Oblast % Correct
Dn Dnipro
100%
Do Donetsk
100%
Ky/Ki Kyiv
100%
Lv Lviv
100%
Od Odesa
100%
Kh Kharkiv
75%
Kh Kherson
75%
Lu Luhansk
75%
Za Zaporizhzhia
75%
Ky/Ki { Kyiv City }
50%
My Mykolaiv
50%
Po Poltava
50%
Ch Chernihiv
25%
Ch Chernivtsi
25%
Cr { Crimea }
25%
Kh Khmelnytskyi
25%
Ri Rivne
25%
Te Ternopil
25%
Vi Vinnytsia
25%
Vo Volyn
25%
Za Zakarpattia
25%
Ch Cherkasy
0%
Iv Ivano-Frankivsk
0%
Ki Kirovohrad
0%
Se { Sevastopol City }
0%
Su Sumy
0%
Zh Zhytomyr
0%
No matching quizzes found
Score Distribution
Percent of People with Each Score
Percentile by Number Answered
Your Score History
You have not taken this quiz